Clubs ayant gagné la Ligue 1– Mort subite - Statistiques

Statistiques générales
  • Ce quiz a été pris 414 fois
  • Le résultat moyen est 10 sur 15
Answers on the Grid
Answers color-coded by a green-red scale on the quiz's grid according to % correct below.
Paris Saint-Germain
AS Saint-Étienne
Olympique de Marseille
FC Nantes
Lille OSC
AS Monaco
Stade de Reims
Olympique lyonnais
Girondins de Bordeaux
OGC Nice
RC Lens
Montpellier HSC
AJ Auxerre
RC Strasbourg
RC Paris
Stade Rennais FC
Angers SCO
Toulouse FC
Stade brestois 29
Le Havre AC
FC Lorient
FC Metz
Paris FC
USL Dunkerque
FC Annecy
Pau FC
ESTAC Troyes
Amiens SC
Grenoble Foot 38
US Quevilly
 
Statistiques - réponses
Réponse % Correct
Olympique de Marseille
80%
Olympique lyonnais
79%
Paris Saint-Germain
79%
AS Monaco
78%
AS Saint-Étienne
77%
Lille OSC
77%
FC Nantes
73%
Girondins de Bordeaux
72%
Montpellier HSC
70%
Stade de Reims
62%
RC Lens
58%
AJ Auxerre
55%
OGC Nice
51%
RC Strasbourg
44%
RC Paris
37%
Aucun quiz correspondant
Distribution des résultats
% des personnes avec chaque résultat
Percentile par nombre de réponses
Votre historique - résultats
Vous n’avez pas pris ce quiz